Formulación de las cuentas anuales (Registro nro. 854)

Detalles MARC
000 -LEADER
fixed length control field 01474 a2200217 4500
001 - CONTROL NUMBER
control field 21696
005 - DATE AND TIME OF LATEST TRANSACTION
control field 20260407155507.0
008 - FIXED-LENGTH DATA ELEMENTS--GENERAL INFORMATION
fixed length control field 260407a1991 arg spa d
003 - CONTROL NUMBER IDENTIFIER
control field AR-UNSa-BCEJYS
040 ## - CATALOGING SOURCE
Original cataloging agency AR-UNSa-BCEJYS
Language of cataloging spa
Transcribing agency AR-UNSa-BCEJYS
080 ## - UNIVERSAL DECIMAL CLASSIFICATION NUMBER
Universal Decimal Classification number 657
Common auxiliary subdivision Contabilidad
020 ## - INTERNATIONAL STANDARD BOOK NUMBER
International Standard Book Number 84-87510-20-5
100 1# - MAIN ENTRY--PERSONAL NAME
Personal name Larriba Díaz- Zorita, Alejandro
245 10 - TITLE STATEMENT
Title Formulación de las cuentas anuales
Name of part/section of a work elaboración práctica de las primeras cuentas a presentar
264 #1 - PRODUCTION, PUBLICATION, DISTRIBUTION, MANUFACTURE, AND COPYRIGHT NOTICE
Place of production, publication, distribution, manufacture Madrid :
Name of producer, publisher, distributor, manufacturer Ediciones Ciencias Sociales
Date of production, publication, distribution, manufacture, or copyright notice 1991
300 ## - PHYSICAL DESCRIPTION
Extent 392 p.
Dimensions 21 cm.
505 ## - FORMATTED CONTENTS NOTE
Formatted contents note 1. Introducción a la reforma de nuestra legislación mercantil - 2. Marco contables de carácter general - 3. Normas contables de carácter general - 4. Normas sobre principios de contabilidad - 5. Normas sobre valoración - 6. Normas sobre las cuentas anuales - 7. Normas sobre el balance - 8. Normas sobre la cuenta de perdida y ganancias - 9. Normas sobre la memoria - 10. Normas sobre el cuadro de financiación - 11. Normas sobre el informe de gestión - 12. Normas sobre la auditoria de cuentas - 13.Normas sobre la aprobación de las cuentas anuales - 14. Normas sobre el depósito y publicaciones de las cuentas anuales - 15. Formulación práctica de las primeras cuentas anuales - 16. Conclusiones.
590 ## - LOCAL NOTE (RLIN)
Local note niveau_biblio:m niveau_hierar:0
856 41 - ELECTRONIC LOCATION AND ACCESS
Uniform Resource Identifier <a href="https://biblioeco.unsa.edu.ar/pmb/images/libros/Formulacion de la Cuentas Anuales.jpg">https://biblioeco.unsa.edu.ar/pmb/images/libros/Formulacion de la Cuentas Anuales.jpg</a>
Link text Imagen de portada
Electronic format type image/jpeg
942 ## - ADDED ENTRY ELEMENTS (KOHA)
Koha item type
Existencias
Withdrawn status Lost status Damaged status Not for loan Home library Current library Shelving location Date acquired Total checkouts Full call number Barcode Date last seen Price effective from Koha item type
        Biblioteca Prof. Eusebio Cleto del Rey Biblioteca Prof. Eusebio Cleto del Rey   07/04/2026   P657 L334 L119507 07/04/2026 07/04/2026 Libro
        Biblioteca Prof. Eusebio Cleto del Rey Biblioteca Prof. Eusebio Cleto del Rey   07/04/2026   P657 L334 L119508 07/04/2026 07/04/2026 Libro